Central Library OPAC University of Rajshahi

রবীন্দ্রনাথ তাঁর আলোয় তাঁর ছায়ায় / (Record no. 74075)

MARC details
000 -LEADER
fixed length control field 00876nam a2200241 a 4500
001 - CONTROL NUMBER
control field 74075
003 - CONTROL NUMBER IDENTIFIER
rucl marc code BD-RjUL
005 - DATE AND TIME OF LATEST TRANSACTION
control field 20211209082504.0
008 - FIXED-LENGTH DATA ELEMENTS--GENERAL INFORMATION
fixed length control field 180213s2015 bg ||||| |||| 00| 0 ben d
020 ## - INTERNATIONAL STANDARD BOOK NUMBER
International Standard Book Number 9789849135937
Terms of availability 300.00
035 ## - SYSTEM CONTROL NUMBER
System control number (BD-RjUL)74293
040 ## - CATALOGING SOURCE
Original cataloging agency BD-RjUL
Language of cataloging eng
Transcribing agency BD-RjUL
041 ## - LANGUAGE CODE
Language code of text/sound track or separate title ben
082 ## - DEWEY DECIMAL CLASSIFICATION NUMBER
Edition number 23
Classification number 891.4414
Author mark and year SAR 2015
100 ## - MAIN ENTRY--PERSONAL NAME
Personal name সাহা , সনৎকুমার
9 (RLIN) 220167
245 10 - TITLE STATEMENT
Title রবীন্দ্রনাথ তাঁর আলোয় তাঁর ছায়ায় /
Statement of responsibility, etc. সনৎকুমার সাহা
260 ## - PUBLICATION, DISTRIBUTION, ETC. (IMPRINT)
Place of publication, distribution, etc. ঢাকা :
Name of publisher, distributor, etc. চন্দ্রাবতী একাডেমি ,
Date of publication, distribution, etc. ২০১৫
300 ## - PHYSICAL DESCRIPTION
Pagination ৩১৫ পৃ. ;
Size ২২ সেমি.
600 ## - SUBJECT ADDED ENTRY--PERSONAL NAME
Personal name রবীন্দ্রনাথ
650 ## - SUBJECT ADDED ENTRY--TOPICAL TERM
Topical term or geographic name as entry element জীবনী
9 (RLIN) 220169
Topical term or geographic name as entry element Biography
9 (RLIN) 220170
942 ## - ADDED ENTRY ELEMENTS (KOHA)
Source of classification or shelving scheme Dewey Decimal Classification
Koha item type Books
Holdings
Lost status Source of classification or shelving scheme Damaged status Not for loan Collection code Permanent Location Current Location Shelving location Date acquired Source of acquisition Cost, normal purchase price Total Checkouts Full call number Date last seen Copy number Koha item type Date checked out
  Dewey Decimal Classification   Not For Loan Non-fiction Central Library, University of Rajshahi Central Library, University of Rajshahi Reading Room 14/09/2017 Rajahahi , Bidashagar 300.00   B 891.4414 SAR 2015 13/02/2018 C-1 Books  
  Dewey Decimal Classification     Non-fiction Central Library, University of Rajshahi Central Library, University of Rajshahi   14/09/2017 Rajahahi , Bidashagar 300.00 1 B 891.4414 SAR 2015 04/03/2025 C-2 Books 25/02/2025